[Event "Tuapse Blitz op"]
[Site "Tuapse"]
[Date "2022.06.29"]
[Round "1"]
[White "Shinaurov, Ilya"]
[Black "Lugovskoy, Maxim"]
[Result "0-1"]
[WhiteElo "1466"]
[BlackElo "2397"]
[PlyCount "74"]
[EventDate "2022.06.29"]
[EventType "swiss (blitz)"]
[EventRounds "13"]
[EventCountry "RUS"]
[SourceTitle "CBM 209 Extra"]
[Source "ChessBase"]
[SourceDate "2022.09.30"]
[SourceVersion "1"]
[SourceVersionDate "2022.09.30"]
[SourceQuality "1"]

1. d4 d5 2. e4 e6 3. e5 c5 4. Qg4 Nc6 5. Nf3 Qb6 6. Bd3 Bd7 7. 0-0 cxd4 8. Nbd2 Nge7 9. Nb3 Ng6 10. Re1 Nb4 11. Bxg6 hxg6 12. Nbxd4 Bc5 13. c3 Nd3 14. Re3 Nxc1 15. Rxc1 Qxb2 16. Ree1 Qxa2 17. Qf4 Be7 18. Ra1 Qb2 19. Qe3 Qb6 20. Reb1 Qc7 21. Nb5 Bxb5 22. Rxb5 a6 23. Rb3 Rc8 24. Rab1 b5 25. Ra1 Qc6 26. Nd4 Qb6 27. Qe2 0-0 28. g3 Rc7 29. h4 Rfc8 30. Qf3 b4 31. Rab1 a5 32. Ne2 a4 33. R3b2 b3 34. h5 Rc4 35. hxg6 fxg6 36. Kg2 Rf8 37. Qd3 Qxf2+ 0-1